| 000 | 00400pab a2200157 454500 | ||
|---|---|---|---|
| 008 | 180718b1978 xxu||||| |||| 00| 0 eng d | ||
| 100 | _aSaha, P.K. | ||
| 245 | _aWater rate structure for a city of one million people - A case study for Suevala | ||
| 260 | _c1978 | ||
| 300 | _ap.115-123. | ||
| 362 | _aJul-Sep | ||
| 650 | _aWater supply | ||
| 773 | _aNagarlok | ||
| 908 | _aN | ||
| 909 | _a102233 | ||
| 999 |
_c102231 _d102231 |
||